|
|
|
|
| LEADER |
01272nam a2200385 a 4500 |
| 001 |
nkc20061685818 |
| 003 |
CZ PrNK |
| 005 |
20110620152451.0 |
| 007 |
ta |
| 008 |
060816s2006 xr g 000 f cze |
| 015 |
|
|
|a cnb001685818
|
| 020 |
|
|
|a 80-7341-847-9
|q (brož.) :
|c Kč 99,00
|
| 035 |
|
|
|a (OCoLC)85554059
|
| 040 |
|
|
|a ABA001
|b cze
|
| 041 |
1 |
|
|a cze
|h eng
|
| 072 |
|
7 |
|a 821.111(73)-3
|x Americká próza
|2 Konspekt
|9 25
|
| 080 |
|
|
|a 821.111(73)-31
|2 MRF
|
| 080 |
|
|
|a (0:82-311.6)
|2 MRF
|
| 100 |
1 |
|
|a Heller, Joseph,
|d 1923-1999
|7 jn19990003358
|4 aut
|
| 240 |
1 |
0 |
|a Catch-22.
|l Česky
|7 aun2008448426
|
| 245 |
1 |
0 |
|a Hlava XXII /
|c Joseph Heller ; přeložil Miroslav Jindra
|
| 250 |
|
|
|a 2. brož. vyd. v českém jazyce
|
| 260 |
|
|
|a Praha :
|b BB/art,
|c 2006
|
| 300 |
|
|
|a 486 s. ;
|c 20 cm
|
| 500 |
|
|
|a Přeloženo z angličtiny
|
| 655 |
|
7 |
|a americké romány
|7 fd131796
|2 czenas
|
| 655 |
|
7 |
|a válečné romány
|7 fd133831
|2 czenas
|
| 655 |
|
9 |
|a American fiction
|2 eczenas
|
| 655 |
|
9 |
|a war novels
|2 eczenas
|
| 700 |
1 |
|
|a Jindra, Miroslav,
|d 1929-2021
|7 jk01051740
|4 trl
|
| 910 |
2 |
|
|a BOA001
|b 2-1175.344
|
| 990 |
|
|
|a BK
|
| 995 |
|
|
|a 01
|
| 991 |
|
|
|b 200610
|
| 996 |
6 |
|
|b 2610291360
|c 2-1175.344
|l MZK
|r Sklad / do 1 hodiny
|n 39
|p p.v.
|w 000828228
|u 000010
|a 1
|e BOA001
|j MZK50
|s P
|